| 000 | 00781nam a22002777a 4500 | ||
|---|---|---|---|
| 001 | BR6002695 | ||
| 003 | BR-BrBNA | ||
| 005 | 20230928095621.0 | ||
| 007 | ta | ||
| 008 | 230509b bl.||||| |||| 00| 0 por d | ||
| 040 |
_aBR-BrBNA _bpor _cBiblioteca Nacional de Agricultura |
||
| 041 | _a(Por) | ||
| 072 |
_aL00; E10 _b7100 _b6000 _b5000 |
||
| 090 | _ 7100 BR6002695 | ||
| 110 | 1 |
_aDepartamento Estadual de Estatistica do Piaui, Teresina (Brasil) _93177 |
|
| 245 | 1 | _aPecuaria, avicultura, apicultura 1968 | |
| 260 | 3 |
_aTeresina, PI (Brasil): _c[nd]. |
|
| 300 | _a53 p. | ||
| 500 | _aNumerical data; published after 1968 | ||
| 650 | _aPecuaria | ||
| 650 | _aAvicultura | ||
| 650 | _aApicultura | ||
| 650 | _aPara | ||
| 909 |
_a202309 _bLucia _c55 _dLucia Elande |
||
| 942 | _cBK | ||
| 999 |
_c57653 _d57653 |
||